Normal view
MARC view
Entry Personal Name
001 - CONTROL NUMBER
- control field: 17409
003 - CONTROL NUMBER IDENTIFIER
- control field: ARRUPE
005 - DATE AND TIME OF LATEST TRANSACTION
- control field: 20150421173515.0
008 - FIXED-LENGTH DATA ELEMENTS
- fixed length control field: 150421|| aca||aabn | a|a d
040 ## - CATALOGING SOURCE
- Original cataloging agency: ARRUPE
- Transcribing agency: ARRUPE
100 ## - HEADING--PERSONAL NAME
- Personal name: Lewis, Martin W. (ed.)
670 ## - SOURCE DATA FOUND
- Source citation: Work cat.: (ARRUPE)0: Gross, Paul (ed.) 17404, The flight from science and reason /, 1996.